[Event "10th Amsterdam Science Park"]
[Site "Amsterdam"]
[Date "2022.07.22"]
[Round "5"]
[White "De Winter, Arthur"]
[Black "Stolwijk, Colin"]
[Result "1-0"]
[Board "3"]
[WhiteElo "2150"]
[WhiteCountry "NED"]
[WhiteFideId "1069020"]
[WhiteEloChange "14"]
[BlackElo "2277"]
[BlackCountry "NED"]
[BlackFideId "1033743"]
[BlackEloChange "-14"]

1. e4 {[%clk 1:30:57]} c6 {[%clk 1:30:56]} 2. Nf3 {[%clk 1:31:24]} d5 {[%clk
1:31:21]} 3. Nc3 {[%clk 1:31:51]} Bg4 {[%clk 1:31:40]} 4. h3 {[%clk 1:32:13]}
Bxf3 {[%clk 1:32:06]} 5. Qxf3 {[%clk 1:32:40]} e6 {[%clk 1:32:23]} 6. d4 {[%clk
1:32:58]} Nf6 {[%clk 1:32:42]} 7. exd5 {[%clk 1:33:15]} cxd5 {[%clk 1:31:38]} 8.
Bd3 {[%clk 1:33:38]} Nc6 {[%clk 1:29:23]} 9. Ne2 {[%clk 1:33:33]} Nb4 {[%clk
1:24:39]} 10. Bb5+ {[%clk 1:33:22]} Nd7 {[%clk 1:25:07]} 11. Ba4 {[%clk 1:33:43]}
b5 {[%clk 1:16:51]} 12. Bb3 {[%clk 1:33:12]} Be7 {[%clk 1:09:02]} 13. O-O {[%clk
1:28:07]} Nf6 {[%clk 1:03:41]} 14. c3 {[%clk 1:12:21]} Nc6 {[%clk 1:04:04]} 15.
Bc2 {[%clk 1:12:17]} O-O {[%clk 0:55:20]} 16. g4 {[%clk 1:00:10]} b4 {[%clk
0:42:24]} 17. Bf4 {[%clk 0:54:27]} Rc8 {[%clk 0:37:30]} 18. Kg2 {[%clk 0:34:09]}
a5 {[%clk 0:35:07]} 19. h4 {[%clk 0:25:27]} Nd7 {[%clk 0:29:21]} 20. Qd3 {[%clk
0:22:25]} g6 {[%clk 0:29:38]} 21. h5 {[%clk 0:22:28]} e5 {[%clk 0:22:17]} 22.
hxg6 {[%clk 0:09:51]} fxg6 {[%clk 0:17:40]} 23. dxe5 {[%clk 0:09:23]} Ndxe5
{[%clk 0:18:03]} 24. Qe3 {[%clk 0:09:02]} Bf6 {[%clk 0:17:19]} 25. Rad1 {[%clk
0:07:44]} Qd7 {[%clk 0:15:19]} 26. Qh3 {[%clk 0:03:54]} Qxg4+ {[%clk 0:09:13]}
27. Qxg4 {[%clk 0:04:21]} Nxg4 {[%clk 0:09:39]} 28. Rxd5 {[%clk 0:04:14]} Bg7
{[%clk 0:08:44]} 29. Bg3 {[%clk 0:02:45]} Rfe8 {[%clk 0:08:21]} 30. Bb3 {[%clk
0:01:58]} a4 {[%clk 0:05:41]} 31. Bc4 {[%clk 0:02:11]} Kh8 {[%clk 0:06:05]} 32.
Ba6 {[%clk 0:01:40]} Rcd8 {[%clk 0:04:31]} 33. Rxd8 {[%clk 0:01:32]} Rxd8 {[%clk
0:05:00]} 34. Bb5 {[%clk 0:01:45]} Nce5 {[%clk 0:03:46]} 35. Bxa4 {[%clk
0:01:23]} Rd2 {[%clk 0:04:14]} 36. Rd1 {[%clk 0:01:38]} Rxd1 {[%clk 0:01:46]} 37.
Bxd1 {[%clk 0:02:03]} Nd3 {[%clk 0:01:35]} 38. cxb4 {[%clk 0:01:05]} Nxb4 {[%clk
0:01:30]} 39. a3 {[%clk 0:01:26]} Nd5 {[%clk 0:00:55]} 40. b4 {[%clk 0:00:52]}
Bb2 {[%clk 0:00:34]} 41. Bb3 {[%clk 0:24:57]} Bxa3 {[%clk 0:17:25]} 42. Bxd5
{[%clk 0:25:18]} Bxb4 {[%clk 0:17:53]} 43. Be6 {[%clk 0:24:45]} Nf6 {[%clk
0:17:19]} 44. Be5 {[%clk 0:24:55]} Kg7 {[%clk 0:17:38]} 45. Nf4 {[%clk 0:23:48]}
Be7 {[%clk 0:18:05]} 46. Nd5 {[%clk 0:24:06]} Bd8 {[%clk 0:18:30]} 47. f4 {[%clk
0:23:45]} h6 {[%clk 0:18:45]} 48. Kh3 {[%clk 0:23:35]} 1-0

[Event "10th Amsterdam Science Park"]
[Site "Amsterdam"]
[Date "2022.07.22"]
[Round "5"]
[White "Van der Poel, Henk"]
[Black "Vroombout, Enrico"]
[Result "1-0"]
[Board "4"]
[WhiteTitle "FM"]
[WhiteElo "2210"]
[WhiteCountry "NED"]
[WhiteFideId "1002449"]
[WhiteEloChange "8"]
[BlackElo "2125"]
[BlackCountry "NED"]
[BlackFideId "1008730"]
[BlackEloChange "-8"]

1. e4 {[%clk 1:30:50]} c5 {[%clk 1:30:57]} 2. Nc3 {[%clk 1:30:58]} Nc6 {[%clk
1:31:24]} 3. Bb5 {[%clk 1:31:00]} g6 {[%clk 1:31:21]} 4. Bxc6 {[%clk 1:30:50]}
dxc6 {[%clk 1:31:41]} 5. f4 {[%clk 1:30:21]} Bg7 {[%clk 1:28:00]} 6. Nf3 {[%clk
1:30:10]} Nh6 {[%clk 1:27:46]} 7. d3 {[%clk 1:29:27]} b6 {[%clk 1:23:50]} 8. O-O
{[%clk 1:28:12]} f6 {[%clk 1:18:11]} 9. Qe1 {[%clk 1:23:23]} Nf7 {[%clk 1:11:10]}
10. Be3 {[%clk 1:15:45]} e5 {[%clk 1:07:51]} 11. f5 {[%clk 0:58:43]} g5 {[%clk
0:32:10]} 12. Nd2 {[%clk 0:50:45]} Nd6 {[%clk 0:30:59]} 13. a4 {[%clk 0:49:23]}
a5 {[%clk 0:30:54]} 14. Ne2 {[%clk 0:40:47]} Ba6 {[%clk 0:31:02]} 15. b3 {[%clk
0:40:39]} Qc7 {[%clk 0:27:43]} 16. Qf2 {[%clk 0:31:09]} Bf8 {[%clk 0:24:14]} 17.
Nc3 {[%clk 0:30:59]} O-O-O {[%clk 0:16:40]} 18. Nd1 {[%clk 0:31:08]} Kb7 {[%clk
0:13:01]} 19. Nb2 {[%clk 0:31:16]} Nf7 {[%clk 0:12:39]} 20. Rfd1 {[%clk 0:28:46]}
h5 {[%clk 0:12:56]} 21. Ndc4 {[%clk 0:28:23]} Nh6 {[%clk 0:12:53]} 22. h3 {[%clk
0:26:11]} g4 {[%clk 0:11:44]} 23. Kf1 {[%clk 0:22:23]} h4 {[%clk 0:06:14]} 24.
Ke2 {[%clk 0:16:59]} Qg7 {[%clk 0:03:08]} 25. Rh1 {[%clk 0:15:23]} Nf7 {[%clk
0:03:02]} 26. hxg4 {[%clk 0:14:25]} Qxg4+ {[%clk 0:03:22]} 27. Qf3 {[%clk
0:14:47]} Qg8 {[%clk 0:02:41]} 28. Rh2 {[%clk 0:13:07]} Ng5 {[%clk 0:01:51]} 29.
Qf2 {[%clk 0:12:41]} Rd7 {[%clk 0:01:30]} 30. Rah1 {[%clk 0:12:38]} Rg7 {[%clk
0:01:19]} 31. Kd1 {[%clk 0:10:20]} b5 {[%clk 0:01:18]} 32. Nd2 {[%clk 0:08:23]}
c4 {[%clk 0:01:37]} 33. Ba7 {[%clk 0:08:04]} Ka8 {[%clk 0:02:00]} 34. axb5 {[%clk
0:07:23]} Rxa7 {[%clk 0:02:11]} 35. bxa6 {[%clk 0:05:28]} c3 {[%clk 0:01:31]} 36.
Nbc4 {[%clk 0:05:45]} cxd2 {[%clk 0:01:47]} 37. Qb6 {[%clk 0:05:56]} Bb4 {[%clk
0:01:33]} 38. Qxc6+ {[%clk 0:03:45]} Kb8 {[%clk 0:01:59]} 39. Qb6+ {[%clk
0:04:02]} Ka8 {[%clk 0:02:24]} 40. Qc6+ {[%clk 0:03:23]} Kb8 {[%clk 0:02:51]} 41.
Qb5+ {[%clk 0:25:32]} Kc8 {[%clk 0:28:10]} 42. Nb6+ {[%clk 0:24:23]} Kd8 {[%clk
0:28:31]} 43. Nd5 {[%clk 0:24:38]} Kc8 {[%clk 0:25:47]} 44. Qc6+ {[%clk 0:19:53]}
Kb8 {[%clk 0:25:50]} 45. c3 {[%clk 0:19:13]} Qc8 {[%clk 0:09:44]} 46. Qb6+ {[%clk
0:15:57]} Ka8 {[%clk 0:10:07]} 47. Qxf6 {[%clk 0:16:09]} Rxa6 {[%clk 0:09:17]}
48. Qxg5 {[%clk 0:13:45]} Bxc3 {[%clk 0:09:33]} 49. Rxh4 {[%clk 0:14:05]} Rxh4
{[%clk 0:09:45]} 50. Qxh4 {[%clk 0:13:49]} Rd6 {[%clk 0:08:30]} 51. Qh8 {[%clk
0:13:48]} 1-0

[Event "10th Amsterdam Science Park"]
[Site "Amsterdam"]
[Date "2022.07.22"]
[Round "5"]
[White "Bruil, Rembrandt"]
[Black "Pronk, Sven"]
[Result "1-0"]
[Board "5"]
[WhiteTitle "CM"]
[WhiteElo "2204"]
[WhiteCountry "NED"]
[WhiteFideId "1053590"]
[WhiteEloChange "7"]
[BlackElo "2105"]
[BlackCountry "NED"]
[BlackFideId "1051555"]
[BlackEloChange "-7"]

1. Nf3 {[%clk 1:30:57]} d5 {[%clk 1:30:22]} 2. g3 {[%clk 1:31:23]} Nf6 {[%clk
1:30:30]} 3. Bg2 {[%clk 1:31:50]} e6 {[%clk 1:30:29]} 4. O-O {[%clk 1:32:14]} Be7
{[%clk 1:30:01]} 5. c4 {[%clk 1:32:30]} O-O {[%clk 1:30:24]} 6. b3 {[%clk
1:32:40]} c5 {[%clk 1:29:59]} 7. cxd5 {[%clk 1:32:51]} exd5 {[%clk 1:30:20]} 8.
d4 {[%clk 1:33:15]} Nc6 {[%clk 1:30:43]} 9. Bb2 {[%clk 1:33:40]} Ne4 {[%clk
1:31:05]} 10. Nc3 {[%clk 1:34:00]} Bf6 {[%clk 1:31:30]} 11. Na4 {[%clk 1:33:55]}
b5 {[%clk 1:30:49]} 12. Nxc5 {[%clk 1:08:56]} Nxc5 {[%clk 1:18:36]} 13. Qc2
{[%clk 1:01:07]} Nb4 {[%clk 0:53:09]} 14. Qxc5 {[%clk 1:01:12]} Be7 {[%clk
0:53:34]} 15. Qc1 {[%clk 0:59:28]} Bf5 {[%clk 0:49:38]} 16. Qf4 {[%clk 0:30:34]}
Be4 {[%clk 0:45:26]} 17. a3 {[%clk 0:19:06]} Bd6 {[%clk 0:37:40]} 18. Qd2 {[%clk
0:18:36]} Rc8 {[%clk 0:26:01]} 19. Rac1 {[%clk 0:18:03]} Nc6 {[%clk 0:13:09]} 20.
Bh3 {[%clk 0:13:55]} Rc7 {[%clk 0:10:33]} 21. Ne5 {[%clk 0:13:50]} Na5 {[%clk
0:08:29]} 22. Rxc7 {[%clk 0:09:48]} Qxc7 {[%clk 0:07:26]} 23. Rc1 {[%clk
0:06:11]} Nxb3 {[%clk 0:06:43]} 24. Rxc7 {[%clk 0:06:36]} Nxd2 {[%clk 0:07:09]}
25. Rxa7 {[%clk 0:06:48]} Nc4 {[%clk 0:02:08]} 26. Nxc4 {[%clk 0:02:16]} dxc4
{[%clk 0:02:10]} 27. f3 {[%clk 0:02:26]} Bc2 {[%clk 0:00:57]} 28. Bc3 {[%clk
0:02:27]} Bd1 {[%clk 0:00:41]} 29. Kf2 {[%clk 0:02:48]} Ba4 {[%clk 0:00:42]} 30.
e4 {[%clk 0:02:53]} Bxa3 {[%clk 0:00:54]} 31. Rb7 {[%clk 0:02:18]} Bd6 {[%clk
0:00:51]} 32. Bd7 {[%clk 0:01:36]} Rb8 {[%clk 0:00:40]} 33. Rxb8+ {[%clk
0:01:52]} Bxb8 {[%clk 0:01:09]} 34. Bb4 {[%clk 0:01:59]} g5 {[%clk 0:01:08]} 35.
Ke3 {[%clk 0:01:39]} h5 {[%clk 0:00:58]} 36. e5 {[%clk 0:01:01]} Kg7 {[%clk
0:00:51]} 37. Ke4 {[%clk 0:01:12]} Bb3 {[%clk 0:00:41]} 38. Bxb5 {[%clk 0:01:26]}
h4 {[%clk 0:00:35]} 39. Kf5 {[%clk 0:01:05]} Kh6 {[%clk 0:00:32]} 40. gxh4 {[%clk
0:01:02]} gxh4 {[%clk 0:00:49]} 41. Kf6 {[%clk 0:26:02]} 1-0

[Event "10th Amsterdam Science Park"]
[Site "Amsterdam"]
[Date "2022.07.22"]
[Round "5"]
[White "Van Arkel, Rogier"]
[Black "Kumar, Prajit Sai"]
[Result "0-1"]
[Board "6"]
[WhiteElo "2187"]
[WhiteCountry "NED"]
[WhiteFideId "1004450"]
[WhiteEloChange "-14"]
[BlackElo "2040"]
[BlackCountry "NED"]
[BlackFideId "1070207"]
[BlackEloChange "14"]

1. e4 {[%clk 1:30:56]} c5 {[%clk 1:30:56]} 2. Nf3 {[%clk 1:31:13]} Nc6 {[%clk
1:31:21]} 3. Bb5 {[%clk 1:31:11]} e5 {[%clk 1:31:01]} 4. O-O {[%clk 1:28:06]} Bd6
{[%clk 1:30:44]} 5. c3 {[%clk 1:26:34]} a6 {[%clk 1:30:43]} 6. Ba4 {[%clk
1:23:25]} b5 {[%clk 1:30:32]} 7. Bc2 {[%clk 1:22:24]} Nge7 {[%clk 1:30:09]} 8. a4
{[%clk 1:11:19]} b4 {[%clk 1:30:28]} 9. d4 {[%clk 1:04:30]} cxd4 {[%clk 1:25:49]}
10. cxd4 {[%clk 1:04:29]} Nxd4 {[%clk 1:23:22]} 11. Nxd4 {[%clk 1:04:43]} exd4
{[%clk 1:23:45]} 12. Nd2 {[%clk 0:56:28]} Qc7 {[%clk 1:23:31]} 13. Nf3 {[%clk
0:56:23]} O-O {[%clk 1:19:07]} 14. e5 {[%clk 0:40:34]} Bxe5 {[%clk 1:17:18]} 15.
Bxh7+ {[%clk 0:31:27]} Kxh7 {[%clk 1:16:26]} 16. Ng5+ {[%clk 0:31:51]} Kg8 {[%clk
1:10:25]} 17. Qd3 {[%clk 0:27:19]} Ng6 {[%clk 1:07:37]} 18. Qh3 {[%clk 0:27:02]}
Re8 {[%clk 1:03:37]} 19. Qf3 {[%clk 0:23:18]} d5 {[%clk 1:03:01]} 20. Bd2 {[%clk
0:19:03]} a5 {[%clk 1:00:54]} 21. Rac1 {[%clk 0:19:08]} Qd7 {[%clk 1:00:30]} 22.
Qh5 {[%clk 0:18:41]} Ba6 {[%clk 0:57:48]} 23. Rfe1 {[%clk 0:18:17]} Nf8 {[%clk
0:55:05]} 24. Rc6 {[%clk 0:16:36]} g6 {[%clk 0:54:43]} 25. Qf3 {[%clk 0:15:45]}
f6 {[%clk 0:49:36]} 26. Rxe5 {[%clk 0:14:58]} Qxc6 {[%clk 0:48:56]} 0-1

[Event "10th Amsterdam Science Park"]
[Site "Amsterdam"]
[Date "2022.07.22"]
[Round "5"]
[White "Duchene, Rene"]
[Black "Croese, Cor"]
[Result "1-0"]
[Board "7"]
[WhiteElo "2137"]
[WhiteCountry "NED"]
[WhiteFideId "1006304"]
[WhiteEloChange "11"]
[BlackElo "2173"]
[BlackCountry "NED"]
[BlackFideId "1006550"]
[BlackEloChange "-11"]

1. Nf3 {[%clk 1:30:55]} Nf6 {[%clk 1:30:53]} 2. c4 {[%clk 1:31:15]} g6 {[%clk
1:31:16]} 3. d4 {[%clk 1:31:21]} Bg7 {[%clk 1:31:38]} 4. e3 {[%clk 1:31:39]} O-O
{[%clk 1:31:28]} 5. Be2 {[%clk 1:31:49]} d6 {[%clk 1:31:46]} 6. Nc3 {[%clk
1:32:02]} Nbd7 {[%clk 1:31:30]} 7. O-O {[%clk 1:32:15]} e5 {[%clk 1:31:29]} 8.
Qc2 {[%clk 1:31:54]} c6 {[%clk 1:23:43]} 9. b3 {[%clk 1:28:06]} Ne8 {[%clk
1:20:42]} 10. Rd1 {[%clk 1:26:44]} f5 {[%clk 1:18:22]} 11. dxe5 {[%clk 1:25:36]}
dxe5 {[%clk 1:17:47]} 12. e4 {[%clk 1:20:38]} f4 {[%clk 1:15:24]} 13. Ba3 {[%clk
1:08:24]} Rf7 {[%clk 1:15:46]} 14. c5 {[%clk 1:08:13]} Qa5 {[%clk 0:50:27]} 15.
Qc1 {[%clk 1:07:05]} b5 {[%clk 0:37:17]} 16. cxb6 {[%clk 1:03:18]} Nxb6 {[%clk
0:37:40]} 17. b4 {[%clk 1:02:20]} 1-0

[Event "10th Amsterdam Science Park"]
[Site "Amsterdam"]
[Date "2022.07.22"]
[Round "5"]
[White "Schilstra, Laurens"]
[Black "Baarslag, Ed"]
[Result "0-1"]
[Board "8"]
[WhiteElo "1993"]
[WhiteCountry "NED"]
[WhiteFideId "1043218"]
[WhiteEloChange "-6"]
[BlackElo "2161"]
[BlackCountry "NED"]
[BlackFideId "1014285"]
[BlackEloChange "6"]

1. e4 {[%clk 1:30:57]} c6 {[%clk 1:30:34]} 2. d4 {[%clk 1:31:21]} d5 {[%clk
1:30:53]} 3. e5 {[%clk 1:31:34]} c5 {[%clk 1:30:51]} 4. dxc5 {[%clk 1:31:53]} e6
{[%clk 1:31:08]} 5. a3 {[%clk 1:32:18]} Bxc5 {[%clk 1:31:22]} 6. b4 {[%clk
1:32:43]} Be7 {[%clk 1:31:24]} 7. Bd3 {[%clk 1:24:21]} a5 {[%clk 1:30:06]} 8. b5
{[%clk 1:24:14]} Nd7 {[%clk 1:30:14]} 9. Nf3 {[%clk 1:23:34]} f6 {[%clk 1:29:37]}
10. exf6 {[%clk 0:04:49]} Bxf6 {[%clk 1:25:29]} 11. c3 {[%clk 1:17:27]} e5 {[%clk
1:19:35]} 12. Bc2 {[%clk 1:17:28]} e4 {[%clk 1:18:22]} 13. Nd4 {[%clk 1:16:01]}
Ne5 {[%clk 1:17:32]} 14. O-O {[%clk 1:04:18]} Bg4 {[%clk 1:13:16]} 15. f3 {[%clk
1:02:09]} exf3 {[%clk 1:08:45]} 16. gxf3 {[%clk 1:01:50]} Bh5 {[%clk 1:08:22]}
17. Bf4 {[%clk 0:58:14]} Ne7 {[%clk 0:46:55]} 18. Re1 {[%clk 0:50:55]} N5g6
{[%clk 0:41:04]} 19. Be3 {[%clk 0:33:10]} Bxd4 {[%clk 0:39:35]} 20. Qxd4 {[%clk
0:32:23]} O-O {[%clk 0:39:40]} 21. Bg5 {[%clk 0:26:36]} Nf5 {[%clk 0:31:36]} 22.
Bxd8 {[%clk 0:26:31]} Nxd4 {[%clk 0:32:02]} 23. cxd4 {[%clk 0:26:58]} Raxd8
{[%clk 0:32:20]} 24. Nd2 {[%clk 0:26:54]} Rf4 {[%clk 0:29:51]} 25. Bxg6 {[%clk
0:23:13]} Bxg6 {[%clk 0:30:14]} 26. Re7 {[%clk 0:23:06]} Rc8 {[%clk 0:24:10]} 27.
Ra2 {[%clk 0:15:29]} b6 {[%clk 0:23:03]} 28. Rb7 {[%clk 0:13:10]} Rf6 {[%clk
0:22:39]} 29. Rd7 {[%clk 0:13:11]} Re6 {[%clk 0:19:28]} 30. Kf2 {[%clk 0:12:40]}
Bd3 {[%clk 0:19:42]} 31. Rxd5 {[%clk 0:11:18]} Re2+ {[%clk 0:19:50]} 32. Kg3
{[%clk 0:11:45]} Bc4 {[%clk 0:19:56]} 33. Nxc4 {[%clk 0:12:12]} Rxa2 {[%clk
0:20:16]} 34. Nxb6 {[%clk 0:12:37]} Rcc2 {[%clk 0:19:48]} 35. a4 {[%clk 0:10:49]}
Rg2+ {[%clk 0:18:43]} 36. Kf4 {[%clk 0:10:59]} Rxh2 {[%clk 0:18:56]} 37. Rd8+
{[%clk 0:09:58]} Kf7 {[%clk 0:19:18]} 38. d5 {[%clk 0:10:23]} Rh4+ {[%clk
0:14:57]} 39. Ke5 {[%clk 0:07:22]} Re2+ {[%clk 0:14:12]} 40. Kd6 {[%clk 0:07:17]}
Rc2 {[%clk 0:08:49]} 41. Rd7+ {[%clk 0:06:09]} Kf8 {[%clk 0:09:05]} 42. Rd8+
{[%clk 0:06:28]} Kf7 {[%clk 0:09:26]} 43. Rd7+ {[%clk 0:06:54]} Kf8 {[%clk
0:09:43]} 44. Re7 {[%clk 0:06:08]} h5 {[%clk 0:08:31]} 45. Nd7+ {[%clk 0:03:51]}
Kg8 {[%clk 0:08:54]} 46. Nc5 {[%clk 0:02:27]} Rb4 {[%clk 0:05:31]} 47. Ne6 {[%clk
0:01:30]} Rxa4 {[%clk 0:02:55]} 48. Rxg7+ {[%clk 0:01:47]} Kh8 {[%clk 0:03:11]}
49. b6 {[%clk 0:01:16]} Rb4 {[%clk 0:02:53]} 50. Rb7 {[%clk 0:23:33]} a4 {[%clk
0:30:21]} 51. Nc5 {[%clk 0:17:27]} a3 {[%clk 0:29:57]} 52. Rb8+ {[%clk 0:15:13]}
Kh7 {[%clk 0:30:24]} 53. b7 {[%clk 0:15:11]} Rb6+ {[%clk 0:27:54]} 54. Kc7 {[%clk
0:13:51]} Rb5 {[%clk 0:27:59]} 55. Ra8 {[%clk 0:12:42]} Rcxc5+ {[%clk 0:28:12]}
56. Kd6 {[%clk 0:12:57]} Rxd5+ {[%clk 0:28:10]} 57. Kc6 {[%clk 0:12:15]} Rdc5+
{[%clk 0:28:13]} 58. Kd6 {[%clk 0:12:38]} Rc3 {[%clk 0:27:27]} 0-1

[Event "10th Amsterdam Science Park"]
[Site "Amsterdam"]
[Date "2022.07.22"]
[Round "5"]
[White "Bullen, Alex"]
[Black "Kanis, Sierk"]
[Result "1/2-1/2"]
[Board "9"]
[WhiteTitle "CM"]
[WhiteElo "2106"]
[WhiteCountry "WLS"]
[WhiteFideId "1801627"]
[WhiteEloChange "-3"]
[BlackElo "1985"]
[BlackCountry "NED"]
[BlackFideId "1056859"]
[BlackEloChange "3"]

1. d4 {[%clk 1:30:56]} Nf6 {[%clk 1:30:52]} 2. Nf3 {[%clk 1:31:15]} c5 {[%clk
1:30:55]} 3. e3 {[%clk 1:31:35]} d5 {[%clk 1:30:57]} 4. h3 {[%clk 1:31:55]} Nc6
{[%clk 1:30:42]} 5. Bb5 {[%clk 1:31:43]} Bd7 {[%clk 1:28:15]} 6. O-O {[%clk
1:32:01]} e6 {[%clk 1:26:12]} 7. b3 {[%clk 1:30:56]} cxd4 {[%clk 1:25:24]} 8.
exd4 {[%clk 1:30:58]} Rc8 {[%clk 1:23:57]} 9. Re1 {[%clk 1:14:25]} Bd6 {[%clk
1:23:03]} 10. Bb2 {[%clk 1:11:43]} O-O {[%clk 1:22:52]} 11. a3 {[%clk 1:09:45]}
Ne4 {[%clk 1:21:54]} 12. Bd3 {[%clk 1:09:08]} f5 {[%clk 1:21:44]} 13. c4 {[%clk
1:07:47]} Qf6 {[%clk 1:19:11]} 14. Nc3 {[%clk 1:00:20]} Be8 {[%clk 1:18:37]} 15.
cxd5 {[%clk 0:58:13]} Nxc3 {[%clk 1:15:51]} 16. Bxc3 {[%clk 0:58:16]} exd5 {[%clk
1:13:56]} 17. Ne5 {[%clk 0:56:55]} Qh4 {[%clk 1:08:00]} 18. Qf3 {[%clk 0:46:30]}
Ne7 {[%clk 1:05:28]} 19. Bb2 {[%clk 0:40:57]} Bh5 {[%clk 1:04:43]} 20. Qg3 {[%clk
0:39:39]} Qxg3 {[%clk 0:57:29]} 21. fxg3 {[%clk 0:39:38]} Be8 {[%clk 0:52:43]}
22. Re2 {[%clk 0:38:37]} Nc6 {[%clk 0:48:46]} 23. Rf1 {[%clk 0:36:58]} g6 {[%clk
0:46:10]} 24. g4 {[%clk 0:35:49]} fxg4 {[%clk 0:43:24]} 25. Rxf8+ {[%clk
0:35:55]} Bxf8 {[%clk 0:41:44]} 26. hxg4 {[%clk 0:33:56]} Bg7 {[%clk 0:39:39]}
27. b4 {[%clk 0:32:11]} Bf7 {[%clk 0:38:40]} 28. Kf2 {[%clk 0:22:47]} Nxe5 {[%clk
0:36:46]} 29. dxe5 {[%clk 0:22:59]} Be6 {[%clk 0:36:52]} 30. g5 {[%clk 0:20:19]}
Bf8 {[%clk 0:35:39]} 31. Bd4 {[%clk 0:19:06]} b6 {[%clk 0:31:46]} 32. Rc2 {[%clk
0:15:31]} Be7 {[%clk 0:31:21]} 33. Be3 {[%clk 0:15:07]} Kf7 {[%clk 0:31:10]} 34.
Bf4 {[%clk 0:13:44]} Bd7 {[%clk 0:29:47]} 35. Ke3 {[%clk 0:12:49]} a5 {[%clk
0:27:00]} 36. Kd4 {[%clk 0:06:09]} Ke6 {[%clk 0:24:17]} 37. Bd2 {[%clk 0:05:46]}
axb4 {[%clk 0:15:23]} 38. axb4 {[%clk 0:05:53]} Rxc2 {[%clk 0:14:50]} 39. Bxc2
{[%clk 0:06:20]} Bb5 {[%clk 0:11:51]} 40. Bd1 {[%clk 0:06:09]} Bc4 {[%clk
0:10:29]} 41. Bg4+ {[%clk 0:04:56]} Kf7 {[%clk 0:10:54]} 42. e6+ {[%clk 0:01:20]}
Ke8 {[%clk 0:10:12]} 43. Bf3 {[%clk 0:01:32]} Bd6 {[%clk 0:07:40]} 44. Bxd5
{[%clk 0:01:27]} Ba6 {[%clk 0:06:28]} 45. Ke4 {[%clk 0:26:35]} Bf1 {[%clk
0:33:19]} 46. Kf3 {[%clk 0:26:23]} Ke7 {[%clk 0:26:56]} 47. Bc3 {[%clk 0:26:23]}
Ke8 {[%clk 0:25:48]} 48. Kf2 {[%clk 0:23:11]} Ba6 {[%clk 0:24:11]} 49. Bc6+
{[%clk 0:22:51]} Ke7 {[%clk 0:24:09]} 50. Bd7 {[%clk 0:23:05]} Bc4 {[%clk
0:23:15]} 51. Bf6+ {[%clk 0:23:16]} Kf8 {[%clk 0:23:37]} 52. b5 {[%clk 0:22:46]}
Bc5+ {[%clk 0:22:57]} 53. Kf3 {[%clk 0:22:51]} Bd5+ {[%clk 0:22:53]} 54. Kf4
{[%clk 0:21:20]} Bxg2 {[%clk 0:21:59]} 55. Ke5 {[%clk 0:20:30]} Bf3 {[%clk
0:21:15]} 56. Bd8 {[%clk 0:18:43]} Bg2 {[%clk 0:18:19]} 57. Bc6 {[%clk 0:15:02]}
Bh3 {[%clk 0:17:18]} 58. Bd5 {[%clk 0:11:41]} Bf1 {[%clk 0:16:46]} 59. Bc6 {[%clk
0:11:14]} Bh3 {[%clk 0:16:31]} 60. Bf6 {[%clk 0:10:50]} Bg4 {[%clk 0:15:57]} 61.
Bd7 {[%clk 0:10:33]} Bf3 {[%clk 0:15:54]} 62. Kf4 {[%clk 0:10:03]} Bd5 {[%clk
0:15:34]} 63. Bd8 {[%clk 0:08:42]} Bg2 {[%clk 0:14:48]} 64. Bc7 {[%clk 0:07:28]}
Ke7 {[%clk 0:14:55]} 65. Ke5 {[%clk 0:06:23]} Bf3 {[%clk 0:13:45]} 66. Kf4 {[%clk
0:06:06]} Bd5 {[%clk 0:13:46]} 67. Ke5 {[%clk 0:05:56]} Bf3 {[%clk 0:14:00]} 68.
Kf4 {[%clk 0:05:07]} 1/2-1/2

[Event "10th Amsterdam Science Park"]
[Site "Amsterdam"]
[Date "2022.07.22"]
[Round "5"]
[White "Klaren, Duncan"]
[Black "De Groote, Ewoud"]
[Result "0-1"]
[Board "10"]
[WhiteElo "1942"]
[WhiteCountry "NED"]
[WhiteFideId "1057944"]
[WhiteEloChange "-3"]
[BlackElo "2245"]
[BlackCountry "NED"]
[BlackFideId "1017870"]
[BlackEloChange "3"]

1. e4 {[%clk 1:30:55]} c6 {[%clk 1:29:55]} 2. d4 {[%clk 1:31:08]} d5 {[%clk
1:30:10]} 3. Nc3 {[%clk 1:30:52]} dxe4 {[%clk 1:29:44]} 4. Nxe4 {[%clk 1:31:12]}
Nf6 {[%clk 1:29:37]} 5. Nxf6+ {[%clk 1:31:09]} exf6 {[%clk 1:30:02]} 6. c3 {[%clk
1:31:03]} Bd6 {[%clk 1:28:28]} 7. Bd3 {[%clk 1:27:58]} O-O {[%clk 1:24:43]} 8.
Ne2 {[%clk 1:27:21]} Qc7 {[%clk 1:23:07]} 9. Qc2 {[%clk 1:19:46]} h5 {[%clk
1:21:59]} 10. Be3 {[%clk 1:17:45]} Re8 {[%clk 1:12:23]} 11. O-O-O {[%clk
1:10:13]} h4 {[%clk 1:01:38]} 12. g3 {[%clk 1:01:36]} h3 {[%clk 0:48:12]} 13. Bf4
{[%clk 0:55:45]} Nd7 {[%clk 0:38:23]} 14. Rde1 {[%clk 0:47:15]} Nf8 {[%clk
0:33:52]} 15. Bxd6 {[%clk 0:46:14]} Qxd6 {[%clk 0:34:21]} 16. Nf4 {[%clk
0:45:23]} Bd7 {[%clk 0:31:25]} 17. Bf5 {[%clk 0:40:31]} c5 {[%clk 0:26:29]} 18.
Rd1 {[%clk 0:30:12]} Rad8 {[%clk 0:18:51]} 19. Bxd7 {[%clk 0:27:28]} Rxd7 {[%clk
0:18:01]} 20. dxc5 {[%clk 0:21:50]} Qxc5 {[%clk 0:17:37]} 21. Rxd7 {[%clk
0:21:16]} Nxd7 {[%clk 0:18:06]} 22. Qa4 {[%clk 0:21:04]} b5 {[%clk 0:05:55]} 23.
Qd4 {[%clk 0:20:34]} Qf5 {[%clk 0:05:59]} 24. Rd1 {[%clk 0:19:36]} Ne5 {[%clk
0:05:48]} 25. Nd5 {[%clk 0:19:17]} Ng6 {[%clk 0:01:57]} 26. b3 {[%clk 0:08:59]}
a5 {[%clk 0:01:53]} 27. Qd2 {[%clk 0:07:45]} a4 {[%clk 0:01:55]} 28. Kb2 {[%clk
0:06:20]} Qf3 {[%clk 0:02:11]} 29. Ne3 {[%clk 0:05:35]} f5 {[%clk 0:02:34]} 30.
Re1 {[%clk 0:03:06]} Ra8 {[%clk 0:01:29]} 31. Nc2 {[%clk 0:02:58]} f4 {[%clk
0:01:18]} 32. gxf4 {[%clk 0:02:05]} Nxf4 {[%clk 0:01:06]} 33. Re3 {[%clk
0:02:26]} Qc6 {[%clk 0:00:46]} 34. Rg3 {[%clk 0:02:12]} Qf6 {[%clk 0:00:45]} 35.
Rf3 {[%clk 0:01:38]} g5 {[%clk 0:01:05]} 36. Rg3 {[%clk 0:02:03]} Rd8 {[%clk
0:01:01]} 37. Qe3 {[%clk 0:01:15]} Rd3 {[%clk 0:01:14]} 38. Qc5 {[%clk 0:01:34]}
Rxg3 {[%clk 0:01:28]} 39. Qc8+ {[%clk 0:02:00]} Kg7 {[%clk 0:01:46]} 40. fxg3
{[%clk 0:01:31]} Nd3+ {[%clk 0:01:58]} 41. Ka3 {[%clk 0:01:04]} Qf1 {[%clk
0:01:13]} 0-1